Space ant / (Record no. 22391)

MARC details
000 -BAŞLIK
Sabit Uzunluktaki Kontrol Alanı 00541nam a22001817a 4500
003 - KONTROL NUMARASI KİMLİĞİ
Kontrol Alanı koha_MIRAKIL
005 - EN SON İŞLEM TARİHİ ve ZAMANI
Kontrol Alanı 20250603141457.0
008 - SABİT UZUNLUKTAKİ VERİ ÖGELERİ - GENEL BİLGİ
Sabit Alan 250603b eng||||| |||| 00| 0 eng d
020 ## - ISBN - ULUSLARARASI STANDART KİTAP NUMARASI
Isbn 9780435995560
040 ## - KATALOGLAMA KAYNAĞI
Özgün Kataloglama Kurumu TR-IsEVY
Kataloglama Dili tur
Çeviri Kurumu TR-IsEVY
082 ## - DEWEY ONU SINIFLAMA SİSTEMİ
Sınıflama Numarası 420 WAR/S
100 ## - KİŞİ ADI
Yazar Adı (Kişi adı) Warren, Celia
245 #0 - ESER ADI BİLDİRİMİ
Başlık Space ant /
Sorumluluk Bildirimi Celia Warren ; illustrations Andy Parker.
260 ## - YAYIN, DAĞITIM, VB.
Yayın Yeri England :
Yayınevi Pearson ,
Yayın Tarihi 2000.
300 ## - FİZİKSEL TANIMLAMA
Sayfa, Cilt vb. [16 ] p.
Diğer fiziki detaylar colour pictures ;
Boyutları 28 cm.
650 ## - KONU BAŞLIĞI EK GİRİŞ - KONU TERİMİ
Konusal terim veya coğrafi ad English Educations.
Alt başlık biçimi Picture Books.
-- Reading.
942 ## - EK GİRİŞ ÖGELERİ (KOHA)
Source of classification or shelving scheme Dewey Decimal Classification
Koha item type Kitap
Holdings
Kayıp Durumu Sınıflandırma Kaynağı Hasarlı Durumu Koleksiyon Kodu Kalıcı Konum Mevcut Konum Kayıt Tarih Edinim Kaynağı Toplam Ödünçverme Yer Numarası Demirbaş Numarası Son Görülme Tarihi Fatura Tarihi Materyal Türü Kopya Bilgisi
  Dewey Decimal Classification   İlkokul İLKOKUL KÜTÜPHANESİ İLKOKUL KÜTÜPHANESİ 03/06/2025 Bağış   420 WAR/S 23698 03/06/2025 03/06/2025 Kitap  
  Dewey Decimal Classification   İlkokul İLKOKUL KÜTÜPHANESİ İLKOKUL KÜTÜPHANESİ 03/06/2025 Bağış   420 WAR/S 23699 03/06/2025 03/06/2025 Kitap k.2
  Dewey Decimal Classification   İlkokul İLKOKUL KÜTÜPHANESİ İLKOKUL KÜTÜPHANESİ 03/06/2025 Bağış   420 WAR/S 23700 03/06/2025 03/06/2025 Kitap k.3
  Dewey Decimal Classification   İlkokul İLKOKUL KÜTÜPHANESİ İLKOKUL KÜTÜPHANESİ 04/06/2025 Bağış   420 WAR/S 23710 04/06/2025 04/06/2025 Kitap k.4